Największe miasta Kalifornii - Statystyki

Ogólne statystyki
  • Ten quiz został rozwiązany 31 razy
  • Średni wynik to 6 z 10
Statystyki odpowiedzi
Ludność Miasto % Poprawnych
3,820,914 Los Angeles
100%
1,388,320 San Diego
96%
808,988 San Francisco
96%
526,384 Sacramento
77%
969,655 San Jose
69%
436,504 Oakland
46%
340,512 Anaheim
23%
545,716 Fresno
23%
449,468 Long Beach
23%
413,381 Bakersfield
15%
Nie znaleziono quizów pasujących do podanych kryteriów
Rozkład punktacji
Procent ludzi z każdym wynikiem
Percentyl według liczby udzielonych odpowiedzi
Twoja historia wyników
Nie rozwiązałeś tego quizu